000 00430nam a2200145Ia 4500
003 OSt
005 20260114114819.0
008 211028s2012 xx 000 0 und d
040 _cAIMIT LIBRARY
041 _aeng
100 _aJoy, Aju; Suresh, Rajani.
_g1016042
_96915
245 _aA study on the customer conversion rate at cauvery ford dealership Mangalore /
260 _aMangalore
_bSuresh, Rajani
_c2012
942 _2ddc
_cPRO
999 _c218485
_d218485